000 00511nam a2200181Ia 4500
008 240925s9999 xx 000 0 und d
020 _aNA
082 _a005.43 LAB
100 _aUIT Computer Systems Eng. Department
245 0 _aOperating Systems: laboratory manual
250 _aNA
260 _aKarachi:
_bUsman Institute of Technology
_c,2002.
300 _a19p.
_bNA
_fOriginal
500 _aNA
600 _aComputer Science
650 _aComputer science, information & general works
942 _cBK
999 _c6841
_d6841